000 00704cab a2200241 4500
001 X81
008 090401t1989 xxu||||| |||| 00| 0 eng d
035 _a(Sirsi) u45030
041 _aeng
100 _aButler. E.,
245 _aSources of funding: public sector support
260 _c1989
350 _a0
490 _aArchitects` Journal
_v190(7) 16 August 1989, 53-66
520 _aGuide to sources of grants, loans, tax relief and other support for construction, all drawn from the public sector.
650 _aFINANCIAL INCENTIVES
650 _aGOVERNMENT
690 _aBUILT ENVIRONMENT
690 _aECONOMIC AND SOCIAL
700 _aMoore, P.
942 _n0
948 _c04/03/1997
999 _c28626
_d28626